Normal view MARC view

Entry Personal Name

Number of records used in: 1

001 - CONTROL NUMBER

  • control field: 1962

003 - CONTROL NUMBER IDENTIFIER

  • control field: TR-AnCHP

005 - DATE AND TIME OF LATEST TRANSACTION

  • control field: 20190110165459.0

008 - FIXED-LENGTH DATA ELEMENTS

  • fixed length control field: 1901101016n|cannaabn |n|d ||

040 ## - CATALOGING SOURCE

  • Original cataloging agency: TR-AnCHP

100 10 - HEADING--PERSONAL NAME

  • Personal name: Adıvar, Halide Edip
  • Dates associated with a name: 1884 - 1964

670 ## - SOURCE DATA FOUND

  • Source citation: Adıvar, Halide Edip1884 - 1964.
  • Information found: Türkün ateşle imtihanıKurtuluş savaşı anılarıHalide Edip Adıvar